[Event "Montreal CMA Quebec Young Stars #01"]
[Site "Montreal"]
[Date "2017.05.08"]
[Round "6"]
[White "Tanaka, Taira Tyler"]
[Black "Fan, Run Kun"]
[Result "0-1"]
[WhiteElo "1991"]
[BlackElo "1981"]
[PlyCount "102"]
[EventDate "2017.05.05"]
[EventType "tourn"]
[EventRounds "10"]
[EventCountry "CAN"]
[SourceTitle "EXT 2022"]
[Source "ChessBase"]
[SourceDate "2021.10.06"]
[SourceVersion "1"]
[SourceVersionDate "2021.10.06"]
[SourceQuality "1"]

1. e4 e5 2. Nf3 Nc6 3. Bb5 Nf6 4. d3 d6 5. c3 a6 6. Ba4 g6 7. 0-0 Bg7 8. Re1 0-0 9. Nbd2 b5 10. Bc2 Bb7 11. Nf1 Re8 12. Bg5 h6 13. Bh4 Nb8 14. Ne3 Nbd7 15. Qd2 Nf8 16. Rad1 Qd7 17. Bxf6 Bxf6 18. Nd5 Bg7 19. d4 Bxd5 20. exd5 Rad8 21. Re2 f5 22. dxe5 dxe5 23. Bb3 Qd6 24. Rde1 Kf7 25. h4 Nd7 26. Qc2 e4 27. Nd2 Ne5 28. c4 Nd3 29. Rf1 Bd4 30. Nb1 Qg3 31. Re3 Bxe3 32. fxe3 Qxe3+ 33. Kh1 Qc5 34. h5 Ne5 35. Qxe4 Kg7 36. Qf4 bxc4 37. Ba4 c6 38. hxg6 Rxd5 39. b4 cxb3 40. Bxb3 Rd4 41. Qg3 Rg4 42. Qh2 Qd4 43. g3 Qe4+ 44. Qg2 Rxg3 45. Qxe4 fxe4 46. Nd2 e3 47. Ne4 Rxg6 48. Nc3 c5 49. Bc2 Rg5 50. Ne4 e2 51. Re1 Nf3 0-1

[Event "Montreal CMA Quebec Young Stars #01"]
[Site "Montreal"]
[Date "2017.05.06"]
[Round "3"]
[White "Fan, Run Kun"]
[Black "Zheng, Richard"]
[Result "1-0"]
[WhiteElo "1981"]
[BlackElo "1664"]
[PlyCount "123"]
[EventDate "2017.05.05"]
[EventType "tourn"]
[EventRounds "10"]
[EventCountry "CAN"]
[SourceTitle "EXT 2022"]
[Source "ChessBase"]
[SourceDate "2021.10.06"]
[SourceVersion "1"]
[SourceVersionDate "2021.10.06"]
[SourceQuality "1"]

1. e4 e5 2. Nf3 Nc6 3. Bb5 Nf6 4. 0-0 d6 5. d4 exd4 6. Nxd4 Bd7 7. Nxc6 Bxc6 8. Bxc6+ bxc6 9. Nd2 Be7 10. b3 0-0 11. Bb2 Re8 12. h3 Qd7 13. Re1 Rad8 14. Qf3 h6 15. Nf1 d5 16. e5 Ne4 17. Ng3 Nxg3 18. Qxg3 Qe6 19. f4 Bb4 20. Re2 Qg6 21. Qd3 Qxd3 22. cxd3 f6 23. Rc1 fxe5 24. fxe5 Re6 25. Bd4 Ba3 26. Rcc2 a6 27. Bc5 Bxc5+ 28. Rxc5 Rde8 29. d4 Rb8 30. Ra5 Rb6 31. Rf2 Rb4 32. Re2 Rb6 33. Kf2 Kf7 34. Ke3 Rg6 35. g4 Ke7 36. Rf2 Re6 37. Rf3 Rg6 38. Kf2 Re6 39. a3 Kd7 40. b4 Re8 41. h4 Ke6 42. Rf5 Ra8 43. Rc5 Re8 44. Kg3 Ke7 45. Rc3 Rf8 46. h5 Rf7 47. Kf4 a5 48. bxa5 Ra6 49. Rc5 Rf8 50. Rxf8 Kxf8 51. Kf5 Kf7 52. e6+ Ke7 53. Kg6 Kxe6 54. Kxg7 Ra8 55. Rxc6+ Kd7 56. Rc5 Ke6 57. Kxh6 Rg8 58. Rc6+ Kf7 59. Rg6 Rh8+ 60. Kg5 c5 61. dxc5 d4 62. Rd6 1-0

[Event "Windsor NAYCC U16"]
[Site "Windsor"]
[Date "2016.08.10"]
[Round "7.42"]
[White "Fields, Noah Dennis"]
[Black "Fan, Run Kun"]
[Result "0-1"]
[WhiteElo "1963"]
[BlackElo "1890"]
[PlyCount "72"]
[EventDate "2016.08.07"]
[EventType "swiss"]
[EventRounds "9"]
[EventCountry "CAN"]
[SourceTitle "EXT 2022"]
[Source "ChessBase"]
[SourceDate "2021.10.06"]
[SourceVersion "1"]
[SourceVersionDate "2021.10.06"]
[SourceQuality "1"]

1. e4 d5 2. exd5 Qxd5 3. Nc3 Qa5 4. d4 Nf6 5. Nf3 Bf5 6. Bd2 c6 7. Bc4 e6 8. 0-0 Qc7 9. Re1 Bd6 10. Bg5 Nbd7 11. d5 cxd5 12. Nb5 Qb6 13. Nxd6+ Qxd6 14. Nd4 Bg6 15. Bxf6 Nxf6 16. Bb5+ Nd7 17. Qg4 0-0 18. Rad1 Nf6 19. Qe2 a6 20. Ba4 b5 21. Bb3 Rfe8 22. c3 e5 23. Nc2 Bh5 24. f3 e4 25. Qf2 exf3 26. Rxe8+ Rxe8 27. gxf3 Bg6 28. Nb4 Re5 29. Qg3 h6 30. Kh1 Qe6 31. Nd3 Bxd3 32. Rxd3 Nh5 33. Qh4 Re1+ 34. Kg2 Qe2+ 35. Kh3 Qf1+ 36. Kg4 Qg2+ 0-1

[Event "Canadian op"]
[Site "Windsor"]
[Date "2016.07.14"]
[Round "5"]
[White "Fan, Run Kun"]
[Black "Song, Edward"]
[Result "0-1"]
[WhiteElo "1868"]
[BlackElo "2305"]
[PlyCount "80"]
[EventDate "2016.07.10"]
[EventType "swiss"]
[EventRounds "9"]
[EventCountry "CAN"]
[SourceTitle "EXT 2017"]
[Source "ChessBase"]
[SourceDate "2016.10.25"]
[SourceVersion "1"]
[SourceVersionDate "2016.10.25"]
[SourceQuality "1"]

1. Nf3 Nf6 2. c4 c6 3. d4 d5 4. Nc3 a6 5. e3 g6 6. b3 Bg7 7. Bd3 0-0 8. 0-0 Bg4 9. cxd5 cxd5 10. h3 Bxf3 11. Qxf3 Nc6 12. Rd1 Rc8 13. Bb2 e6 14. Bf1 Qe7 15. a3 Na5 16. b4 Nc4 17. Bc1 Qd7 18. b5 a5 19. a4 Rc7 20. Ba3 Nxa3 21. Rxa3 Rfc8 22. Nb1 b6 23. Bd3 Rc1 24. Nd2 Bf8 25. Ra1 Rxa1 26. Rxa1 Kg7 27. Qe2 Rc3 28. Nf3 Bd6 29. Ne5 Bxe5 30. dxe5 Ng8 31. e4 dxe4 32. Bxe4 Qd4 33. Rd1 Qxa4 34. Bc6 Rc5 35. g3 Ne7 36. Be8 Rc8 37. Bd7 Rd8 38. Qf3 Kg8 39. Kg2 Nd5 40. Bc6 Qxd1 0-1

[Event "Montreal McGill Cup"]
[Site "Montreal"]
[Date "2016.05.01"]
[Round "4"]
[White "Fan, Run Kun"]
[Black "Pitre, Francois"]
[Result "1-0"]
[WhiteElo "1864"]
[BlackElo "1988"]
[PlyCount "53"]
[EventDate "2016.04.29"]
[EventType "swiss"]
[EventRounds "5"]
[EventCountry "CAN"]
[SourceTitle "CBM 172 Extra"]
[Source "ChessBase"]
[SourceDate "2016.06.21"]
[SourceVersion "1"]
[SourceVersionDate "2016.06.21"]
[SourceQuality "1"]

1. c4 e5 2. Nc3 Nc6 3. Nf3 Nf6 4. g3 Bb4 5. Bg2 0-0 6. 0-0 Bxc3 7. bxc3 Re8 8. d3 e4 9. Ng5 Ne5 10. f4 exf3 11. Nxf3 Ng6 12. e4 d6 13. Rb1 Rb8 14. Nd4 Bg4 15. Qc2 Nd7 16. h3 Be6 17. Nxe6 fxe6 18. Be3 b6 19. Qe2 Nf6 20. h4 Ne5 21. Bg5 Ned7 22. Bh3 Qe7 23. Rf2 h6 24. Bd2 e5 25. Bf5 Nh7 26. g4 Qxh4 27. Bxd7 1-0

[Event "Montreal Ligue elite du dimanche"]
[Site "Montreal"]
[Date "2016.02.28"]
[Round "4"]
[White "Zhu, Hong Rui"]
[Black "Fan, Run Kun"]
[Result "1/2-1/2"]
[WhiteElo "2237"]
[BlackElo "2067"]
[PlyCount "94"]
[EventDate "2016.01.31"]
[EventType "swiss"]
[EventRounds "7"]
[EventCountry "CAN"]
[SourceTitle "EXT 2022"]
[Source "ChessBase"]
[SourceDate "2021.10.06"]
[SourceVersion "1"]
[SourceVersionDate "2021.10.06"]
[SourceQuality "1"]

1. e4 d5 2. exd5 Qxd5 3. Nc3 Qa5 4. d4 Nf6 5. Bc4 c6 6. Nge2 Bf5 7. 0-0 e6 8. Bf4 Be7 9. Re1 0-0 10. Ng3 Bg6 11. Qd2 Qb4 12. Bb3 Rd8 13. Be5 Bf8 14. a3 Qe7 15. Qe2 Nbd7 16. Bc7 Rdc8 17. Bf4 Nd5 18. Nxd5 cxd5 19. c3 Nb6 20. Qg4 Nc4 21. Bxc4 Rxc4 22. h4 Rc6 23. h5 Be4 24. Bg5 f6 25. Bh4 Qf7 26. Nxe4 dxe4 27. Qxe4 Qxh5 28. Bg3 Qd5 29. Qxd5 exd5 30. Re2 Kf7 31. Kf1 Rac8 32. Ke1 Bd6 33. Bxd6 Rxd6 34. Kd2 Re6 35. Rxe6 Kxe6 36. Re1+ Kd6 37. Kd3 b5 38. f4 Kd7 39. Rh1 h6 40. Re1 g6 41. Rh1 h5 42. f5 Rg8 43. fxg6 Rxg6 44. Rh2 Ke6 45. Ke3 Rg3+ 46. Kf2 Rd3 47. Ke2 Rg3 1/2-1/2

[Event "Quebec-ch U16"]
[Site "Montreal"]
[Date "2016.01.17"]
[Round "4"]
[White "Saha, Ananda"]
[Black "Fan, Run Kun"]
[Result "1-0"]
[WhiteElo "1920"]
[BlackElo "2070"]
[PlyCount "86"]
[EventDate "2016.01.15"]
[EventType "swiss"]
[EventRounds "5"]
[EventCountry "CAN"]
[SourceTitle "EXT 2017"]
[Source "ChessBase"]
[SourceDate "2016.10.25"]
[SourceVersion "1"]
[SourceVersionDate "2016.10.25"]
[SourceQuality "1"]

1. d4 d5 2. c4 c6 3. Nf3 e6 4. Nc3 Nf6 5. Bg5 h6 6. Bxf6 Qxf6 7. Qb3 g6 8. e4 Qe7 9. 0-0-0 dxe4 10. Nxe4 Bg7 11. Ne5 0-0 12. f4 Nd7 13. h4 c5 14. Nxd7 Bxd7 15. Nxc5 Bc6 16. Qe3 h5 17. Nd3 Qf6 18. Rh2 Qxd4 19. Qxd4 Bxd4 20. g3 Rfd8 21. Bg2 Bxg2 22. Rxg2 Rac8 23. Rc2 Be3+ 24. Kb1 Rd4 25. Re2 Bg1 26. Rxg1 Rxd3 27. b3 Rcd8 28. Kc2 Rf3 29. Reg2 Rd4 30. Rd1 Rxd1 31. Kxd1 Rd3+ 32. Kc2 Rd7 33. Kc3 Kg7 34. b4 Kf6 35. Re2 Rd1 36. c5 Rd5 37. a4 e5 38. fxe5+ Rxe5 39. Rxe5 Kxe5 40. Kc4 a6 41. b5 axb5+ 42. Kxb5 f6 43. Kb6 g5 1-0

[Event "Pere Noel op"]
[Site "Montreal"]
[Date "2015.12.27"]
[Round "2.14"]
[White "Petit, Raymond"]
[Black "Fan, Run Kun"]
[Result "0-1"]
[WhiteElo "1878"]
[BlackElo "2089"]
[PlyCount "48"]
[EventDate "2015.12.26"]
[EventType "swiss"]
[EventRounds "5"]
[EventCountry "CAN"]
[SourceTitle "EXT 2019"]
[Source "ChessBase"]
[SourceDate "2018.10.10"]
[SourceVersion "1"]
[SourceVersionDate "2018.10.10"]
[SourceQuality "1"]

1. d4 d5 2. c4 c6 3. cxd5 cxd5 4. Nc3 Nc6 5. Nf3 Nf6 6. Bf4 e6 7. e3 Bd6 8. Bxd6 Qxd6 9. Bd3 0-0 10. 0-0 Bd7 11. Qe2 a6 12. Rad1 b5 13. e4 dxe4 14. Nxe4 Nxe4 15. Qxe4 g6 16. Rfe1 Nb4 17. Bb1 Bc6 18. Qe3 Bxf3 19. Qxf3 Rad8 20. Re4 Kg7 21. Rh4 Nd5 22. Qh3 Nf6 23. Qe3 h5 24. Rf4 Nd5 0-1

[Event "Montreal Ligue elite du dimanche"]
[Site "Montreal"]
[Date "2015.11.29"]
[Round "8"]
[White "Fan, Run Kun"]
[Black "Chiku Ratte, Olivier Kenta"]
[Result "0-1"]
[WhiteElo "2083"]
[BlackElo "2390"]
[PlyCount "134"]
[EventDate "2015.09.20"]
[EventType "team"]
[EventRounds "5"]
[EventCountry "CAN"]
[SourceTitle "EXT 2019"]
[Source "ChessBase"]
[SourceDate "2018.10.10"]
[SourceVersion "1"]
[SourceVersionDate "2018.10.10"]
[SourceQuality "1"]

1. Nf3 c5 2. c4 Nf6 3. g3 b6 4. Bg2 Bb7 5. Nc3 e6 6. 0-0 Be7 7. d4 cxd4 8. Qxd4 Nc6 9. Qf4 Qb8 10. e4 d6 11. b3 0-0 12. Rd1 a6 13. Ba3 Rd8 14. Rd2 Qc7 15. Rc1 Ne5 16. Qe3 Nfg4 17. Qe2 Nxf3+ 18. Bxf3 Ne5 19. Bg2 Nd7 20. Rcd1 Nc5 21. Bb2 Bf6 22. Qg4 Kh8 23. b4 Nd7 24. Rxd6 Ne5 25. Rxd8+ Bxd8 26. Qf4 Nxc4 27. Qxc7 Bxc7 28. Rd7 Rc8 29. Bc1 Kg8 30. h4 Bc6 31. Rd4 b5 32. Rd1 Rd8 33. Kf1 Kf8 34. Ke2 Ke7 35. Rxd8 Kxd8 36. Nd1 Bd6 37. a3 a5 38. bxa5 Nxa5 39. Ne3 Nc4 40. Nxc4 bxc4 41. e5 Bxg2 42. exd6 Kd7 43. Bb2 f6 44. Bc3 Kxd6 45. f3 e5 46. g4 Kd5 47. Ke3 Bh3 48. a4 g6 49. a5 Kc6 50. g5 fxg5 51. hxg5 Kd5 52. a6 Bc8 53. a7 Bb7 54. f4 e4 55. Bd4 Ba8 56. Bb6 c3 57. Ke2 Kc4 58. Be3 Kb3 59. Bd4 c2 60. Kd2 Bb7 61. Kc1 Kc4 62. Be3 Kd3 63. Bd2 Ba8 64. Be1 e3 65. Bg3 Be4 66. Be1 Ke2 67. Bc3 Kf1 0-1

[Event "Montreal Ligue elite du dimanche"]
[Site "Montreal"]
[Date "2015.09.20"]
[Round "1"]
[White "Sprumont, Oscar"]
[Black "Fan, Run Kun"]
[Result "1/2-1/2"]
[WhiteElo "2192"]
[BlackElo "2011"]
[PlyCount "77"]
[EventDate "2015.09.20"]
[EventType "team"]
[EventRounds "5"]
[EventCountry "CAN"]
[SourceTitle "EXT 2019"]
[Source "ChessBase"]
[SourceDate "2018.10.10"]
[SourceVersion "1"]
[SourceVersionDate "2018.10.10"]
[SourceQuality "1"]

1. Nf3 Nf6 2. c4 c6 3. Nc3 d5 4. cxd5 cxd5 5. d4 Nc6 6. Bf4 e6 7. e3 Bd6 8. Bg3 Bxg3 9. hxg3 a6 10. Bd3 b5 11. a3 Bb7 12. Rc1 Rc8 13. b4 h6 14. Bb1 Qe7 15. Ne5 Nxe5 16. dxe5 Nd7 17. f4 Nb6 18. Qd3 Nc4 19. Ne2 a5 20. Qb3 axb4 21. axb4 Ra8 22. Rc3 Ra3 23. Qc2 Qxb4 24. Kf2 Ke7 25. Ba2 Rxc3 26. Nxc3 Qc5 27. Qd3 Ra8 28. Rb1 Bc6 29. Qd4 Qxd4 30. exd4 Ra3 31. Bxc4 dxc4 32. Nxb5 Ra2+ 33. Kf1 Bxg2+ 34. Ke1 Bd5 35. Nc3 Rg2 36. Nxd5+ exd5 37. Rb5 Rxg3 38. f5 Rf3 39. Rb7+ 1/2-1/2

[Event "Francophone-ch 3rd"]
[Site "Montreal"]
[Date "2015.07.24"]
[Round "8"]
[White "Poulin, Maurice"]
[Black "Fan, Run Kun"]
[Result "1-0"]
[WhiteElo "2011"]
[BlackElo "1734"]
[PlyCount "79"]
[EventDate "2015.07.17"]
[EventType "swiss"]
[EventRounds "9"]
[EventCountry "CAN"]
[SourceTitle "EXT 2016"]
[Source "ChessBase"]
[SourceDate "2015.10.08"]
[SourceVersion "1"]
[SourceVersionDate "2015.10.08"]
[SourceQuality "1"]

1. e4 Nf6 2. e5 Nd5 3. d4 d6 4. c4 Nb6 5. exd6 cxd6 6. Nc3 g6 7. Be3 Bg7 8. Qd2 Nc6 9. d5 Ne5 10. b3 Bf5 11. h3 h5 12. f4 Ned7 13. Bd4 Nf6 14. Nf3 Nbd7 15. Bd3 Bxd3 16. Qxd3 Nc5 17. Qc2 h4 18. b4 Na6 19. a3 Nh5 20. Bxg7 Nxg7 21. Qb2 Qc8 22. Ne2 0-0 23. Rc1 Nf5 24. Kf2 Nc7 25. Nfd4 Qd7 26. Rhf1 Ne8 27. Nxf5 Qxf5 28. Kg1 Ng7 29. Nd4 Qf6 30. Qf2 Nh5 31. Qe3 Ng3 32. Rfe1 Rfc8 33. c5 dxc5 34. Rxc5 a5 35. Qc3 Rxc5 36. bxc5 Qxf4 37. c6 bxc6 38. Nxc6 Nf5 39. Nxe7+ Nxe7 40. Rxe7 1-0

[Event "Francophone-ch 3rd"]
[Site "Montreal"]
[Date "2015.07.18"]
[Round "3"]
[White "Fan, Run Kun"]
[Black "Akhrass, Roland"]
[Result "0-1"]
[WhiteElo "1734"]
[BlackElo "1964"]
[PlyCount "74"]
[EventDate "2015.07.17"]
[EventType "swiss"]
[EventRounds "9"]
[EventCountry "CAN"]
[SourceTitle "EXT 2016"]
[Source "ChessBase"]
[SourceDate "2015.10.08"]
[SourceVersion "1"]
[SourceVersionDate "2015.10.08"]
[SourceQuality "1"]

1. Nf3 f5 2. g3 Nf6 3. Bg2 g6 4. c4 Bg7 5. Nc3 0-0 6. 0-0 d6 7. d4 Nc6 8. d5 Ne5 9. Nxe5 dxe5 10. Rb1 f4 11. gxf4 Nh5 12. fxe5 Bxe5 13. Bh6 Rf7 14. e3 Bf5 15. Rc1 Qc8 16. f4 Bh8 17. e4 Bg4 18. Qd3 Bg7 19. Bxg7 Kxg7 20. Qe3 h6 21. h3 Bd7 22. f5 gxf5 23. Qf3 Kg6 24. e5 e6 25. Ne2 Qd8 26. Nd4 Qe7 27. Rfe1 Rg8 28. Kh1 Rfg7 29. Rg1 Qh4 30. dxe6 Ng3+ 31. Kh2 Qxd4 32. exd7 Kh7 33. Rcd1 Qxe5 34. Rge1 Ne4+ 35. Kh1 Rxg2 36. Qxg2 Rxg2 37. Kxg2 Qg3+ 0-1

[Event "Francophone-ch 3rd"]
[Site "Montreal"]
[Date "2015.07.18"]
[Round "2"]
[White "Van Hoolandt, Patrick"]
[Black "Fan, Run Kun"]
[Result "1/2-1/2"]
[WhiteElo "2129"]
[BlackElo "1734"]
[PlyCount "100"]
[EventDate "2015.07.17"]
[EventType "swiss"]
[EventRounds "9"]
[EventCountry "CAN"]
[SourceTitle "EXT 2016"]
[Source "ChessBase"]
[SourceDate "2015.10.08"]
[SourceVersion "1"]
[SourceVersionDate "2015.10.08"]
[SourceQuality "1"]

1. d4 d5 2. c4 c6 3. cxd5 cxd5 4. Nf3 Nf6 5. Nc3 Nc6 6. Bf4 e6 7. e3 Bd6 8. Bg3 a6 9. Rc1 Bxg3 10. hxg3 Qd6 11. Bd3 b5 12. e4 dxe4 13. Nxe4 Nxe4 14. Bxe4 Bb7 15. 0-0 0-0 16. Qd2 Rad8 17. Rfd1 f5 18. Bb1 Ne7 19. Ne5 Ng6 20. Nxg6 hxg6 21. Qf4 Qxf4 22. gxf4 Rd7 23. a4 Bd5 24. axb5 axb5 25. Rc5 Bc4 26. Bc2 Rb8 27. b3 Bd5 28. Ra1 Ba8 29. Bd3 Rxd4 30. Rxb5 Rbd8 31. Bc4 Bd5 32. Bxd5 R4xd5 33. Rb7 Rd1+ 34. Rxd1 Rxd1+ 35. Kh2 Rb1 36. Kg3 Rc1 37. b4 Rc3+ 38. f3 Rb3 39. Kh4 Rb2 40. Kg3 Kh7 41. b5 Rb4 42. Rb8 Rb3 43. b6 g5 44. fxg5 Kg6 45. Kf4 Rb5 46. Rb7 e5+ 47. Kg3 Rb2 48. Kh3 Rb3 49. Kh2 Rb1 50. Kg3 Rb2 1/2-1/2

[Event "CAN-ch U14"]
[Site "Windsor"]
[Date "2015.07.07"]
[Round "3.22"]
[White "Cai, Jason"]
[Black "Fan, Run Kun"]
[Result "1/2-1/2"]
[WhiteElo "2254"]
[BlackElo "2006"]
[PlyCount "88"]
[EventDate "2015.07.06"]
[EventType "swiss"]
[EventRounds "7"]
[EventCountry "CAN"]
[SourceTitle "EXT 2022"]
[Source "ChessBase"]
[SourceDate "2021.10.06"]
[SourceVersion "1"]
[SourceVersionDate "2021.10.06"]
[SourceQuality "1"]

1. e4 Nf6 2. Nc3 e5 3. Nf3 Nc6 4. d4 exd4 5. Nxd4 Bb4 6. Nxc6 bxc6 7. Bd3 d5 8. exd5 cxd5 9. 0-0 0-0 10. h3 c6 11. Qf3 Be6 12. Bf4 Bd6 13. Ne2 c5 14. Rad1 Rb8 15. b3 Qc7 16. Rfe1 Rfe8 17. c3 Nd7 18. Bxd6 Qxd6 19. Bb1 Rbd8 20. Ng3 Nf8 21. Qh5 Qf4 22. Qe5 Qxe5 23. Rxe5 g6 24. Re2 f5 25. Red2 a5 26. Ne2 Rd6 27. Nf4 Red8 28. Bc2 Kf7 29. f3 Kf6 30. Kf2 Bf7 31. h4 h6 32. Bd3 Ne6 33. Nxe6 Bxe6 34. f4 h5 35. Be2 Ke7 36. Bf3 R8d7 37. Re2 d4 38. cxd4 Rxd4 39. Rde1 Rd2 40. Rc1 Rxe2+ 41. Bxe2 a4 42. bxa4 Rd4 43. g3 Rxa4 44. Rxc5 Rxa2 1/2-1/2

[Event "CAN-ch U14"]
[Site "Windsor"]
[Date "2015.07.07"]
[Round "2.27"]
[White "Fan, Run Kun"]
[Black "Li, Kevin1111"]
[Result "1-0"]
[WhiteElo "2006"]
[BlackElo "1666"]
[PlyCount "102"]
[EventDate "2015.07.06"]
[EventType "swiss"]
[EventRounds "7"]
[EventCountry "CAN"]
[SourceTitle "EXT 2022"]
[Source "ChessBase"]
[SourceDate "2021.10.06"]
[SourceVersion "1"]
[SourceVersionDate "2021.10.06"]
[SourceQuality "1"]

1. Nf3 Nf6 2. g3 d5 3. Bg2 Nc6 4. d4 Bf5 5. 0-0 e6 6. c4 Nb4 7. Na3 Nc6 8. c5 Be7 9. Qb3 Rb8 10. Bf4 a6 11. h3 h6 12. g4 Be4 13. Qe3 0-0 14. Ne5 Bxg2 15. Kxg2 Nxe5 16. Bxe5 Nd7 17. Bf4 Bg5 18. Rfc1 Bxf4 19. Qxf4 c6 20. Nc2 Re8 21. b4 e5 22. dxe5 Nxe5 23. Nd4 Ng6 24. Qg3 Qe7 25. e3 Qe4+ 26. Kh2 Ne5 27. a4 Nd3 28. Rcb1 Qe5 29. Qxe5 Rxe5 30. Kg3 Re4 31. Ra3 Ne5 32. Rab3 Nc4 33. Rc3 g6 34. b5 cxb5 35. axb5 Rc8 36. c6 bxc6 37. bxc6 Kf8 38. Rb7 Re7 39. Rcb3 Na5 40. Rb8 Rec7 41. Rxc8+ Rxc8 42. Rb6 Ke7 43. Rxa6 Nc4 44. Ra7+ Ke8 45. Kf4 Nd6 46. Ke5 Ne4 47. f3 Nc3 48. Kf6 h5 49. gxh5 gxh5 50. Rxf7 h4 51. Rh7 Rxc6+ 1-0

[Event "Laval op"]
[Site "Laval"]
[Date "2015.06.20"]
[Round "3"]
[White "Fan, Run Kun"]
[Black "Libersan, Thierry"]
[Result "1/2-1/2"]
[WhiteElo "1734"]
[BlackElo "2124"]
[PlyCount "53"]
[EventDate "2015.06.19"]
[EventType "swiss"]
[EventRounds "5"]
[EventCountry "CAN"]
[SourceTitle "EXT 2019"]
[Source "ChessBase"]
[SourceDate "2018.10.10"]
[SourceVersion "1"]
[SourceVersionDate "2018.10.10"]
[SourceQuality "1"]

1. Nf3 d5 2. b4 Bf5 3. Bb2 Nf6 4. g3 e6 5. a3 Nbd7 6. Bg2 c6 7. 0-0 Bd6 8. d3 0-0 9. Nbd2 a5 10. Rb1 Qe7 11. c3 e5 12. Nb3 axb4 13. cxb4 b6 14. Nfd2 c5 15. e4 Bg6 16. bxc5 bxc5 17. Qe2 c4 18. dxc4 dxe4 19. Nxe4 Nxe4 20. Bxe4 Bxa3 21. Bxa8 Bxb1 22. Bxa3 Qxa3 23. Rxb1 Qxa8 24. Re1 Rc8 25. Qd3 Nc5 26. Nxc5 Rxc5 27. Qd6 1/2-1/2